Bella Ciao - Liedtext / Lyrics - Statistiken

Allgemein
  • Dieses Quiz wurde 340 mal gespielt
  • Das Durchschnittsergebnis liegt bei 24 aus 87
Antwortstatistiken
Textquiz % Korrekt
bella
94%
bella
94%
bella
94%
ciao
93%
ciao
93%
ciao
93%
ciao
93%
ciao
93%
o
73%
oh
36%
ich
29%
ich
29%
in
28%
in
28%
In
28%
in
28%
Eines
27%
eines
27%
Morgens
27%
Morgens
27%
der
26%
der
26%
der
26%
wir
26%
die
25%
die
25%
die
25%
die
25%
so
24%
alle
23%
auf
23%
den
23%
Ruh´
23%
Und
23%
Frühe
22%
Frühe
22%
ihr
22%
mich
22%
mich
22%
mich
22%
aller
21%
aller
21%
für
19%
ist
19%
Ist
19%
Partisanen
19%
Partisanen
19%
Blume
18%
Blume
18%
Blume
18%
Blume
18%
dann
18%
dann
18%
Feind
18%
Wenn
18%
mit
17%
sie
17%
sterbe
17%
trafen
17%
unsern
17%
Berge
16%
bringt
16%
bringt
16%
denn
16%
Genossen
16%
uns´re
16%
euch
15%
kleine
15%
letzten
15%
nehmt
15%
spür/fühl´
15%
zur
15%
Freiheit
14%
geh´n
14%
nah
14%
Schatten
14%
Tod
14%
des
13%
kleinen
13%
kommt
13%
Leute
13%
sagen
13%
seh´n
13%
starb
12%
vorüber
12%
Diese
11%
stehn
10%
Keine übereinstimmenden Quizze gefunden
Verteilung der Resultate
Anzahl Personen mit jedem Resultat
Perzentil nach korrekt beantworteten Fragen
Ihre Resultats-Entwicklung
Sie haben dieses Quiz noch nicht gespielt